[Event "DEN-chT 0607"]
[Site "Denmark"]
[Date "2007.03.24"]
[Round "8.5"]
[White "Christensen, Tobias"]
[Black "Larsen, Karsten"]
[Result "0-1"]
[WhiteElo "2330"]
[BlackElo "2294"]
[PlyCount "116"]
[EventDate "2006.11.04"]
[EventType "team"]
[EventRounds "9"]
[EventCountry "DEN"]
[Source "ChessBase"]
[SourceDate "2007.02.01"]
[WhiteTeam "Skolerne"]
[BlackTeam "K41"]
[WhiteTeamCountry "DEN"]
[BlackTeamCountry "DEN"]

1. e4 e5 2. Nf3 Nc6 3. Nc3 Nf6 4. Be2 Bb4 5. Nd5 Ba5 6. Nxf6+ Qxf6 7. O-O O-O
8. c3 Bb6 9. b4 d6 10. a4 a5 11. b5 Ne7 12. d4 Ng6 13. Bg5 Qe6 14. Qc2 h6 15.
Be3 Qf6 16. Rfe1 Nf4 17. Bf1 Bg4 18. dxe5 dxe5 19. Nd2 Bxe3 20. Rxe3 Rad8 21.
Nc4 b6 22. Rg3 Be6 23. Ne3 Rd6 24. c4 c5 25. Nd5 Bxd5 26. exd5 Qh4 27. Re1 Re8
28. Qf5 Ng6 29. Rf3 Qe7 30. g3 Rf6 31. Qe4 Rxf3 32. Qxf3 e4 33. Qf5 Qe5 34. Bh3
Qd4 35. Qd7 Re5 36. Qd8+ Kh7 37. Qxb6 e3 38. fxe3 Rxe3 39. Rxe3 Qxe3+ 40. Kf1
Qf3+ 41. Kg1 Qe3+ 42. Kf1 Ne5 43. Qxa5 Nxc4 44. Bf5+ g6 45. Bxg6+ Kxg6 46. Qa6+
Kg7 47. Qc8 Qf3+ 48. Ke1 Qe3+ 49. Kf1 Nd2+ 50. Kg2 Qe2+ 51. Kh3 Qh5+ 52. Kg2
Qxd5+ 53. Kh3 Qh5+ 54. Kg2 Qf3+ 55. Kh3 Qf1+ 56. Kh4 Nf3+ 57. Kh5 Nxh2 58. b6
Qf6 0-1

[Event "DEN-chT 0607"]
[Site "Denmark"]
[Date "2007.03.24"]
[Round "8.6"]
[White "Olesen, Martin"]
[Black "Pedersen, Finn"]
[Result "1/2-1/2"]
[WhiteElo "2272"]
[BlackElo "2300"]
[PlyCount "45"]
[EventDate "2006.11.04"]
[EventType "team"]
[EventRounds "9"]
[EventCountry "DEN"]
[Source "ChessBase"]
[SourceDate "2007.02.01"]
[WhiteTeam "K41"]
[BlackTeam "Skolerne"]
[WhiteTeamCountry "DEN"]
[BlackTeamCountry "DEN"]

1. e4 c6 2. d4 d5 3. f3 g6 4. Nc3 Bg7 5. Be3 Nf6 6. e5 Ng8 7. Qd2 h5 8. f4 Nh6
9. Nf3 Bg4 10. Nh4 Nf5 11. Bf2 Nxh4 12. Bxh4 Nd7 13. h3 Be6 14. O-O-O Nb6 15.
b3 Qc7 16. Bd3 O-O-O 17. Qf2 Bf5 18. Rhg1 Rdg8 19. g4 hxg4 20. hxg4 Bxd3 21.
Rxd3 f6 22. exf6 Bxf6 23. Bxf6 1/2-1/2

[Event "DEN-chT 0607"]
[Site "Denmark"]
[Date "2007.03.24"]
[Round "8.7"]
[White "Jacobsen, Bo"]
[Black "Semcesen, Daniel"]
[Result "1-0"]
[WhiteElo "2307"]
[BlackElo "2286"]
[PlyCount "83"]
[EventDate "2006.11.04"]
[EventType "team"]
[EventRounds "9"]
[EventCountry "DEN"]
[Source "ChessBase"]
[SourceDate "2007.02.01"]
[WhiteTeam "Skolerne"]
[BlackTeam "K41"]
[WhiteTeamCountry "DEN"]
[BlackTeamCountry "DEN"]

1. c4 Nf6 2. g3 c6 3. Nf3 d5 4. Bg2 Bg4 5. b3 e6 6. O-O Bd6 7. Bb2 Nbd7 8. d3
O-O 9. Nbd2 a5 10. a3 Re8 11. h3 Bxf3 12. Bxf3 e5 13. Bg2 Qe7 14. e3 h6 15. Qc2
Qf8 16. Rfd1 Red8 17. Nf3 Qe7 18. Bc3 Re8 19. Qb2 b5 20. b4 a4 21. c5 Bc7 22.
Nh4 Qe6 23. e4 Rad8 24. exd5 Nxd5 25. Bd2 N7f6 26. Re1 g5 27. Nf3 Qf5 28. Rad1
Nd7 29. Bc1 Qg6 30. Qd2 Nf8 31. Bb2 f6 32. Nh2 Rd7 33. Qe2 Rde7 34. Bf3 Qg7 35.
Be4 Ne6 36. Qf3 Rd7 37. Ng4 Bd8 38. Ne3 Nec7 39. Nf5 Qf8 40. Qh5 Rh7 41. Qg6+
Kh8 42. Nd4 1-0

[Event "DEN-chT 0607"]
[Site "Denmark"]
[Date "2007.03.24"]
[Round "8.8"]
[White "Naes, Flovin Tor"]
[Black "Hagen, Andreas Skytte"]
[Result "0-1"]
[WhiteElo "2227"]
[BlackElo "2259"]
[PlyCount "72"]
[EventDate "2006.11.04"]
[EventType "team"]
[EventRounds "9"]
[EventCountry "DEN"]
[Source "ChessBase"]
[SourceDate "2007.02.01"]
[WhiteTeam "K41"]
[BlackTeam "Skolerne"]
[WhiteTeamCountry "DEN"]
[BlackTeamCountry "DEN"]

1. c4 Nf6 2. Nf3 b6 3. g3 c5 4. Bg2 Bb7 5. O-O e6 6. Nc3 Be7 7. Re1 d6 8. e4 a6
9. d4 cxd4 10. Nxd4 Qc7 11. b3 b5 12. Ndxb5 axb5 13. Nxb5 Qc6 14. Ba3 O-O 15.
Bxd6 Rd8 16. Bxe7 Rxd1 17. Rexd1 Nbd7 18. Rd6 Qc8 19. Rad1 h5 20. a4 Kh7 21.
R6d4 Bc6 22. h4 Ne8 23. Bb4 Qb7 24. Kh2 Ndf6 25. f3 Nd7 26. Ba3 Ne5 27. Bb2 Qe7
28. Ba3 Qf6 29. f4 Ng4+ 30. Kg1 Ne3 31. e5 Qg6 32. Bxc6 Qxg3+ 33. Kh1 Qxh4+ 34.
Kg1 Nxd1 35. Bxa8 Qg3+ 36. Kh1 Nf2# 0-1

[Event "DEN-chT 0607"]
[Site "Denmark"]
[Date "2007.03.24"]
[Round "8.1"]
[White "Andreasen, Per Naesby"]
[Black "Hector, Jonny"]
[Result "0-1"]
[WhiteElo "2228"]
[BlackElo "2508"]
[PlyCount "56"]
[EventDate "2006.11.04"]
[EventType "team"]
[EventRounds "9"]
[EventCountry "DEN"]
[Source "ChessBase"]
[SourceDate "2007.02.01"]
[WhiteTeam "Norresundby"]
[BlackTeam "Nordkalotten"]
[WhiteTeamCountry "DEN"]
[BlackTeamCountry "DEN"]

1. d4 d5 2. Nf3 Nc6 3. Bf4 Bg4 4. Nbd2 f6 5. h3 Bh5 6. g4 Bf7 7. e3 g5 8. Bg3
h5 9. gxh5 e6 10. c4 Nge7 11. Qb3 Rb8 12. e4 Bg7 13. O-O-O Bxh5 14. cxd5 exd5
15. exd5 Bf7 16. Bc4 Nxd5 17. Rhe1+ Kf8 18. Ne4 b5 19. Qa3+ Kg8 20. Bf1 Ndb4
21. d5 Nxd5 22. Qc5 Ncb4 23. a3 Na6 24. Qxa7 Qc8 25. Qd4 Rb6 26. Kb1 c5 27. Rc1
Qf5 28. Qd2 Qxf3 0-1

[Event "DEN-chT 0607"]
[Site "Denmark"]
[Date "2007.03.24"]
[Round "8.2"]
[White "Brynell, Stellan"]
[Black "Nielsen, Tommy"]
[Result "1-0"]
[WhiteElo "2497"]
[BlackElo "2187"]
[PlyCount "53"]
[EventDate "2006.11.04"]
[EventType "team"]
[EventRounds "9"]
[EventCountry "DEN"]
[Source "ChessBase"]
[SourceDate "2007.02.01"]
[WhiteTeam "Nordkalotten"]
[BlackTeam "Norresundby"]
[WhiteTeamCountry "DEN"]
[BlackTeamCountry "DEN"]

1. d4 f5 2. g3 Nf6 3. Bg2 d5 4. Nf3 e6 5. O-O Nbd7 6. c4 c6 7. Qc2 Ne4 8. Nc3
Nxc3 9. bxc3 Nb6 10. Nd2 Bd7 11. Rb1 dxc4 12. a4 Rb8 13. e4 Be7 14. a5 Na8 15.
Nxc4 O-O 16. Re1 b5 17. Ne5 Bd6 18. exf5 Bxe5 19. fxe6 Bxe6 20. Rxe5 Qd7 21.
Ba3 Rfe8 22. Be4 h6 23. Re1 Nc7 24. Bg6 Bf7 25. Re7 Bxg6 26. Qxg6 Rxe7 27. Rxe7
1-0

[Event "DEN-chT 0607"]
[Site "Denmark"]
[Date "2007.03.24"]
[Round "8.3"]
[White "Willumsen, Niels Henrik"]
[Black "Kristensen, Kaare Hove"]
[Result "0-1"]
[WhiteElo "2138"]
[BlackElo "2313"]
[PlyCount "82"]
[EventDate "2006.11.04"]
[EventType "team"]
[EventRounds "9"]
[EventCountry "DEN"]
[Source "ChessBase"]
[SourceDate "2007.02.01"]
[WhiteTeam "Norresundby"]
[BlackTeam "Nordkalotten"]
[WhiteTeamCountry "DEN"]
[BlackTeamCountry "DEN"]

1. e4 c5 2. Nf3 d6 3. d4 cxd4 4. Nxd4 Nf6 5. Nc3 a6 6. Bg5 e6 7. f4 Be7 8. Qf3
Qc7 9. O-O-O Nbd7 10. g4 b5 11. Bxf6 Nxf6 12. g5 Nd7 13. f5 Bxg5+ 14. Kb1 O-O
15. fxe6 Nb6 16. Qg3 Bf6 17. exf7+ Rxf7 18. Bh3 Be5 19. Qg2 Qc5 20. Ne6 Qc4 21.
Nd5 Nxd5 22. exd5 Bd7 23. Rhf1 Rxf1 24. Rxf1 Qb4 25. c3 Qh4 26. Qf3 Qe7 27. Bf5
g6 28. Bg4 Bxh2 29. Rh1 Be5 30. Qh3 Bxe6 31. Bxe6+ Kh8 32. Qh6 Rf8 33. a3 a5
34. Qxg6 Qg7 35. Qd3 b4 36. c4 Rf2 37. Bf5 Rxb2+ 38. Kc1 Bf4+ 39. Kd1 Rd2+ 40.
Qxd2 Qa1+ 41. Ke2 Qe5+ 0-1

[Event "DEN-chT 0607"]
[Site "Denmark"]
[Date "2007.03.24"]
[Round "8.4"]
[White "Ejsing, Esben"]
[Black "Jorgensen, Jorgen"]
[Result "1/2-1/2"]
[WhiteElo "2275"]
[BlackElo "2255"]
[PlyCount "45"]
[EventDate "2006.11.04"]
[EventType "team"]
[EventRounds "9"]
[EventCountry "DEN"]
[Source "ChessBase"]
[SourceDate "2007.02.01"]
[WhiteTeam "Nordkalotten"]
[BlackTeam "Norresundby"]
[WhiteTeamCountry "DEN"]
[BlackTeamCountry "DEN"]

1. e4 Nf6 2. e5 Nd5 3. d4 d6 4. c4 Nb6 5. f4 dxe5 6. fxe5 Bf5 7. Nc3 e6 8. Nf3
Be7 9. Be2 O-O 10. O-O f6 11. c5 Nd5 12. Qb3 Nc6 13. Nxd5 Qxd5 14. Bc4 Qd7 15.
Qxb7 Rfb8 16. Qa6 Nb4 17. c6 Qd8 18. Qa4 Kh8 19. Rf2 Nd3 20. Rd2 Rb4 21. Qa6
Rb6 22. Qa4 Rb4 23. Qa6 1/2-1/2

[Event "DEN-chT 0607"]
[Site "Denmark"]
[Date "2007.03.24"]
[Round "8.5"]
[White "Pedersen, Svend"]
[Black "Nielsen, Lars Aaes"]
[Result "1-0"]
[WhiteElo "2237"]
[BlackElo "2221"]
[PlyCount "65"]
[EventDate "2006.11.04"]
[EventType "team"]
[EventRounds "9"]
[EventCountry "DEN"]
[Source "ChessBase"]
[SourceDate "2007.02.01"]
[WhiteTeam "Norresundby"]
[BlackTeam "Nordkalotten"]
[WhiteTeamCountry "DEN"]
[BlackTeamCountry "DEN"]

1. e4 e6 2. d3 d5 3. Nd2 Nf6 4. e5 Nfd7 5. f4 b6 6. g3 Bb7 7. Bg2 Be7 8. Ngf3
c5 9. O-O Nc6 10. Re1 Qc7 11. c3 g5 12. Nxg5 Bxg5 13. fxg5 Ndxe5 14. Nf3 Ng6
15. d4 O-O-O 16. Be3 c4 17. Qd2 Nce7 18. Ne5 Nxe5 19. Bf4 N7g6 20. Bxe5 Nxe5
21. Rxe5 Rdg8 22. Rf1 Rg7 23. Rf6 Rhg8 24. Qf4 Bc6 25. h4 Be8 26. Bf3 Qd7 27.
Bd1 Qb5 28. Re2 Rg6 29. Rf2 Kb7 30. Bc2 Rxf6 31. Qxf6 Qxb2 32. Bxh7 Qxc3 33.
Kg2 1-0

[Event "DEN-chT 0607"]
[Site "Denmark"]
[Date "2007.03.24"]
[Round "8.6"]
[White "Jakobsen, Peter"]
[Black "Nielsen, John Bauneborg"]
[Result "1-0"]
[WhiteElo "2206"]
[BlackElo "2187"]
[PlyCount "87"]
[EventDate "2006.11.04"]
[EventType "team"]
[EventRounds "9"]
[EventCountry "DEN"]
[Source "ChessBase"]
[SourceDate "2007.02.01"]
[WhiteTeam "Nordkalotten"]
[BlackTeam "Norresundby"]
[WhiteTeamCountry "DEN"]
[BlackTeamCountry "DEN"]

1. c4 e5 2. g3 Nf6 3. Bg2 c6 4. d4 d6 5. Nc3 Nbd7 6. e3 Be7 7. Nge2 O-O 8. O-O
Re8 9. b3 Qc7 10. Bb2 Bf8 11. Qc2 Rb8 12. Rac1 b6 13. Rfd1 Bb7 14. d5 cxd5 15.
cxd5 Ba6 16. b4 b5 17. Ne4 Qxc2 18. Nxf6+ Nxf6 19. Rxc2 Rbc8 20. Rdc1 Rxc2 21.
Rxc2 Rc8 22. Rd2 Rc4 23. a3 Bc8 24. f4 Ne4 25. Bxe4 Rxe4 26. fxe5 Rxe3 27. Kf2
Re4 28. exd6 Bd7 29. Bd4 Bxd6 30. Bxa7 Rc4 31. Be3 h5 32. Bf4 Bxf4 33. Nxf4 h4
34. Re2 Kf8 35. Rd2 Ke7 36. d6+ Kf6 37. Nd5+ Ke6 38. Nb6 Rc3 39. Re2+ Kxd6 40.
Rd2+ Kc6 41. Nxd7 hxg3+ 42. hxg3 Rxa3 43. Ne5+ Kb6 44. Nxf7 1-0

[Event "DEN-chT 0607"]
[Site "Denmark"]
[Date "2007.03.24"]
[Round "8.7"]
[White "Sorensen, Bent"]
[Black "Lilja, Richard"]
[Result "1/2-1/2"]
[WhiteElo "2220"]
[BlackElo "2069"]
[PlyCount "64"]
[EventDate "2006.11.04"]
[EventType "team"]
[EventRounds "9"]
[EventCountry "DEN"]
[Source "ChessBase"]
[SourceDate "2007.02.01"]
[WhiteTeam "Norresundby"]
[BlackTeam "Nordkalotten"]
[WhiteTeamCountry "DEN"]
[BlackTeamCountry "DEN"]

1. Nf3 Nf6 2. g3 g6 3. Bg2 Bg7 4. O-O d6 5. c4 c5 6. Nc3 Nc6 7. a3 O-O 8. Rb1
Bf5 9. d3 Qd7 10. Re1 Bh3 11. Bh1 h6 12. Bd2 Nh5 13. b4 cxb4 14. axb4 f5 15. e3
f4 16. exf4 Nxf4 17. Re4 Nxd3 18. b5 Nce5 19. Nxe5 Bxe5 20. f4 Bf6 21. Nd5 Nc5
22. Nxf6+ Rxf6 23. Rd4 Raf8 24. Qe2 g5 25. Re1 gxf4 26. Rxf4 e5 27. Bd5+ Kg7
28. Rxf6 Rxf6 29. Be3 Qf5 30. Bxc5 dxc5 31. Bxb7 Bg4 32. Qxe5 Qf2+ 1/2-1/2

[Event "DEN-chT 0607"]
[Site "Denmark"]
[Date "2007.03.24"]
[Round "8.8"]
[White "Koch, Soren Andreas"]
[Black "Christiansen, Jens Jorgen"]
[Result "1-0"]
[WhiteElo "2079"]
[BlackElo "2097"]
[PlyCount "101"]
[EventDate "2006.11.04"]
[EventType "team"]
[EventRounds "9"]
[EventCountry "DEN"]
[Source "ChessBase"]
[SourceDate "2007.02.01"]
[WhiteTeam "Nordkalotten"]
[BlackTeam "Norresundby"]
[WhiteTeamCountry "DEN"]
[BlackTeamCountry "DEN"]

1. d4 d5 2. Nf3 Nf6 3. c4 c6 4. Nc3 dxc4 5. e4 b5 6. e5 Nd5 7. a4 e6 8. axb5
Nxc3 9. bxc3 cxb5 10. Ng5 Bb7 11. Qh5 g6 12. Qg4 h6 13. Ne4 Nd7 14. h4 Be7 15.
g3 h5 16. Qf4 Bxe4 17. Qxe4 Nb6 18. Qc6+ Qd7 19. Qxb6 axb6 20. Rxa8+ Bd8 21.
Bg2 O-O 22. Bh6 Re8 23. O-O Be7 24. Ra6 Rb8 25. Rfa1 Kh7 26. Ra7 Qd8 27. Bd2 b4
28. Bc6 bxc3 29. Bxc3 b5 30. Rd7 Qf8 31. Raa7 b4 32. Ba1 Rc8 33. Ba4 Ra8 34.
Rxe7 Qxe7 35. Rxe7 Rxa4 36. Bb2 Ra2 37. Rxf7+ Kg8 38. Rc7 Rxb2 39. Rxc4 Rb1+
40. Kg2 b3 41. Rc7 b2 42. Rb7 Kf8 43. Kf3 Rd1 44. Rxb2 Rxd4 45. Ke3 Ra4 46. Rd2
Ra7 47. Rd4 Kg7 48. Rf4 Rc7 49. Rf6 Rc6 50. f3 Rc3+ 51. Kf4 1-0

[Event "DEN-chT 0607"]
[Site "Denmark"]
[Date "2007.03.24"]
[Round "8.1"]
[White "Glud, Jakob Vang"]
[Black "Hansen, Sune Berg"]
[Result "1/2-1/2"]
[WhiteElo "2429"]
[BlackElo "2566"]
[PlyCount "35"]
[EventDate "2006.11.04"]
[EventType "team"]
[EventRounds "9"]
[EventCountry "DEN"]
[Source "ChessBase"]
[SourceDate "2007.02.01"]
[WhiteTeam "Jetsmark"]
[BlackTeam "Helsingor"]
[WhiteTeamCountry "DEN"]
[BlackTeamCountry "DEN"]

1. d4 Nf6 2. c4 e6 3. g3 d5 4. Nf3 Bb4+ 5. Bd2 Be7 6. Bg2 O-O 7. O-O c6 8. Qb3
b6 9. Nc3 Bb7 10. Rfd1 Nbd7 11. Bf4 Nh5 12. Bd2 Nhf6 13. Rac1 Rc8 14. Bf4 Nh5
15. Bd2 Nhf6 16. Bf4 Nh5 17. Bd2 Nhf6 18. Bf4 1/2-1/2

[Event "DEN-chT 0607"]
[Site "Denmark"]
[Date "2007.03.24"]
[Round "8.2"]
[White "Mortensen, Erling"]
[Black "Rasmussen, Allan Stig"]
[Result "1/2-1/2"]
[WhiteElo "2477"]
[BlackElo "2398"]
[PlyCount "109"]
[EventDate "2006.11.04"]
[EventType "team"]
[EventRounds "9"]
[EventCountry "DEN"]
[Source "ChessBase"]
[SourceDate "2007.02.01"]
[WhiteTeam "Helsingor"]
[BlackTeam "Jetsmark"]
[WhiteTeamCountry "DEN"]
[BlackTeamCountry "DEN"]

1. e4 c6 2. c4 d5 3. exd5 cxd5 4. d4 Nf6 5. Nc3 e6 6. Nf3 Be7 7. cxd5 Nxd5 8.
Bd3 Nc6 9. O-O O-O 10. Re1 Bf6 11. Be4 Nce7 12. Qd3 g6 13. Bh6 Bg7 14. Bxg7
Kxg7 15. Rac1 Nf6 16. Ne5 Rb8 17. Qg3 Bd7 18. Nxd7 Qxd7 19. Qe5 Rfd8 20. Red1
Qd6 21. Bf3 Qxe5 22. dxe5 Nd7 23. Re1 Nc5 24. Rcd1 a5 25. g3 Nc6 26. Bxc6 bxc6
27. b3 Rxd1 28. Rxd1 a4 29. bxa4 Rb4 30. a5 Rc4 31. Rc1 Ne4 32. Ne2 Ra4 33. Rc2
Rxa5 34. f3 Ng5 35. Kg2 Ra3 36. Nc3 f6 37. exf6+ Kxf6 38. f4 Nf7 39. Ne4+ Kf5
40. Nd2 Kf6 41. Nc4 Ra6 42. a3 h5 43. Rc3 e5 44. Kf3 exf4 45. Kxf4 Ra4 46. Ke3
Ne5 47. Nxe5 Kxe5 48. Kd3 h4 49. Kc2 Kd5 50. Kb3 Rg4 51. gxh4 Rxh4 52. h3 Kd6
53. Kc2 g5 54. Rg3 c5 55. Kb3 1/2-1/2

[Event "DEN-chT 0607"]
[Site "Denmark"]
[Date "2007.03.24"]
[Round "8.3"]
[White "Fries Nielsen, Jens Ove"]
[Black "Nielsen, Nicholas Roland"]
[Result "1/2-1/2"]
[WhiteElo "2405"]
[BlackElo "2158"]
[PlyCount "104"]
[EventDate "2006.11.04"]
[EventType "team"]
[EventRounds "9"]
[EventCountry "DEN"]
[Source "ChessBase"]
[SourceDate "2007.02.01"]
[WhiteTeam "Jetsmark"]
[BlackTeam "Helsingor"]
[WhiteTeamCountry "DEN"]
[BlackTeamCountry "DEN"]

1. e4 c5 2. Nc3 Nc6 3. f4 g6 4. Nf3 Bg7 5. Bb5 Nd4 6. Nxd4 cxd4 7. Ne2 Nf6 8.
e5 Nd5 9. c3 O-O 10. Qb3 e6 11. cxd4 f6 12. O-O d6 13. exf6 Bxf6 14. Bc4 Nc7
15. a4 Kh8 16. Qf3 Rb8 17. b3 b6 18. Bb2 Bb7 19. Qh3 Qd7 20. Rae1 Rbe8 21. Ba3
Bg7 22. Bd3 Kg8 23. Rc1 Rf7 24. Qg4 Ref8 25. Bc4 a6 26. Qg3 b5 27. axb5 axb5
28. Bd3 Nd5 29. Be4 Nxf4 30. Rxf4 Rxf4 31. Bxb7 Qxb7 32. Bxd6 R4f7 33. Bxf8
Rxf8 34. Qe3 Qd7 35. Qe4 Rd8 36. Kh1 Bf6 37. Rc6 Kf7 38. Qc2 Be7 39. h3 Qd5 40.
Rc3 Ra8 41. Rf3+ Kg7 42. Rf1 Rf8 43. Rxf8 Kxf8 44. Qd3 Bf6 45. Qe3 Kf7 46. Nf4
Qd6 47. Ne2 Qd5 48. Kg1 Bg5 49. Nf4 Qf5 50. g3 Ke7 51. Kf2 Bxf4 52. gxf4 Kf7
1/2-1/2

[Event "DEN-chT 0607"]
[Site "Denmark"]
[Date "2007.03.24"]
[Round "8.4"]
[White "Larsen, Ole Bogh"]
[Black "Christensen, Stefan"]
[Result "0-1"]
[WhiteElo "2226"]
[BlackElo "2272"]
[PlyCount "82"]
[EventDate "2006.11.04"]
[EventType "team"]
[EventRounds "9"]
[EventCountry "DEN"]
[Source "ChessBase"]
[SourceDate "2007.02.01"]
[WhiteTeam "Helsingor"]
[BlackTeam "Jetsmark"]
[WhiteTeamCountry "DEN"]
[BlackTeamCountry "DEN"]

1. d4 Nf6 2. c4 e6 3. Nc3 Bb4 4. a3 Bxc3+ 5. bxc3 c5 6. f3 Nc6 7. e4 O-O 8. e5
Ne8 9. Bd3 cxd4 10. cxd4 Qh4+ 11. Kf1 Qxd4 12. Ra2 Qxe5 13. Nh3 f5 14. Re2 Qc5
15. Bb2 e5 16. Nf2 d6 17. h4 Be6 18. Qc1 Nd4 19. Re1 Rc8 20. Qe3 Bxc4 21. Rc1
b5 22. Bxc4+ bxc4 23. Nd3 Qb6 24. Bxd4 Qxd4 25. Qxd4 exd4 26. Kf2 Nf6 27. Nf4
Rfe8 28. Rhe1 Rxe1 29. Kxe1 Kf7 30. Kd2 d5 31. Ne2 d3 32. Nd4 Rb8 33. Kc3 g6
34. a4 Nd7 35. Re1 Nc5 36. Nc6 Rb3+ 37. Kd4 d2 38. Rd1 Ne6+ 39. Kxd5 c3 40.
Ne5+ Ke7 41. Nc6+ Kf6 0-1

[Event "DEN-chT 0607"]
[Site "Denmark"]
[Date "2007.03.24"]
[Round "8.5"]
[White "Jensen, Bjarke"]
[Black "Jorgensen, Michael"]
[Result "1-0"]
[WhiteElo "2257"]
[BlackElo "2201"]
[PlyCount "105"]
[EventDate "2006.11.04"]
[EventType "team"]
[EventRounds "9"]
[EventCountry "DEN"]
[Source "ChessBase"]
[SourceDate "2007.02.01"]
[WhiteTeam "Jetsmark"]
[BlackTeam "Helsingor"]
[WhiteTeamCountry "DEN"]
[BlackTeamCountry "DEN"]

1. e4 e6 2. d4 d5 3. Nc3 Bb4 4. e5 c5 5. a3 Bxc3+ 6. bxc3 Ne7 7. Qg4 Qc7 8.
Qxg7 Rg8 9. Qxh7 cxd4 10. Ne2 Nbc6 11. f4 Bd7 12. Qd3 dxc3 13. h3 O-O-O 14. g4
d4 15. Bg2 Qb6 16. O-O Be8 17. Kh2 Rh8 18. Be4 Kb8 19. a4 Nb4 20. a5 Qc7 21.
Qf3 Bc6 22. Ba3 Bxe4 23. Qxe4 Qc6 24. Qg2 Qxg2+ 25. Kxg2 Ned5 26. Bxb4 Nxb4 27.
Rfc1 Rd5 28. Ra4 Nc6 29. Rd1 Rhd8 30. h4 b5 31. axb6 axb6 32. Rb1 Kb7 33. Nc1
Rf8 34. g5 Rh8 35. Kg3 b5 36. Kg4 Kb6 37. Nd3 Ne7 38. Ra2 Nf5 39. Rh1 Rd7 40.
h5 Ne3+ 41. Kf3 Ra7 42. Rxa7 Kxa7 43. Rh2 Kb6 44. h6 Ka5 45. Ke4 Nf5 46. Nc5
Kb4 47. Nb7 Kc4 48. Rh3 b4 49. Rd3 Kb5 50. Nd6+ Nxd6+ 51. exd6 Kc5 52. Rxd4 b3
53. cxb3 1-0

[Event "DEN-chT 0607"]
[Site "Denmark"]
[Date "2007.03.24"]
[Round "8.6"]
[White "Dalsberg, Sandra de Blecourt"]
[Black "Rathlev, Jakob"]
[Result "0-1"]
[WhiteElo "2078"]
[BlackElo "2164"]
[PlyCount "70"]
[EventDate "2006.11.04"]
[EventType "team"]
[EventRounds "9"]
[EventCountry "DEN"]
[Source "ChessBase"]
[SourceDate "2007.02.01"]
[WhiteTeam "Helsingor"]
[BlackTeam "Jetsmark"]
[WhiteTeamCountry "DEN"]
[BlackTeamCountry "DEN"]

1. d4 e6 2. c4 b6 3. a3 Bb7 4. Nc3 f5 5. Bf4 Nf6 6. e3 Be7 7. Nf3 O-O 8. h3 Ne4
9. Bd3 Nxc3 10. bxc3 d6 11. Qe2 Nd7 12. O-O Kh8 13. Bh2 e5 14. e4 f4 15. Bc2
Bc6 16. c5 bxc5 17. Rab1 exd4 18. cxd4 Nb6 19. dxc5 dxc5 20. Rfd1 Qe8 21. Ne5
Ba4 22. Bb3 Bd6 23. Nc4 f3 24. gxf3 Bxh2+ 25. Kxh2 Bb5 26. Rbc1 Bxc4 27. Bxc4
Qe5+ 28. Kg2 Rf6 29. Bd5 Rd8 30. Rxc5 h6 31. Rc6 Nxd5 32. Rxf6 gxf6 33. Kf1 Qh2
34. Qb2 Ne3+ 35. Ke2 Qxf2+ 0-1

[Event "DEN-chT 0607"]
[Site "Denmark"]
[Date "2007.03.24"]
[Round "8.8"]
[White "Petersen, Age"]
[Black "Helledie, Anders"]
[Result "0-1"]
[WhiteElo "1953"]
[BlackElo "2118"]
[PlyCount "84"]
[EventDate "2006.11.04"]
[EventType "team"]
[EventRounds "9"]
[EventCountry "DEN"]
[Source "ChessBase"]
[SourceDate "2007.02.01"]
[WhiteTeam "Helsingor"]
[BlackTeam "Jetsmark"]
[WhiteTeamCountry "DEN"]
[BlackTeamCountry "DEN"]

1. d4 Nf6 2. Nf3 g6 3. Nc3 d5 4. Bf4 Bg7 5. e3 O-O 6. Be2 c5 7. dxc5 Nbd7 8.
O-O Nxc5 9. Be5 Bg4 10. Qd4 Ncd7 11. h3 Nxe5 12. Nxe5 Bxe2 13. Nxe2 Nd7 14. f4
e6 15. e4 Nxe5 16. fxe5 dxe4 17. Qxe4 Qc7 18. Rf3 Qxe5 19. Qxe5 Bxe5 20. Rd1
Rfd8 21. Rfd3 Rxd3 22. Rxd3 Rc8 23. c3 Rc7 24. Kf2 Kf8 25. Ke3 Ke7 26. Rd2 Bg7
27. Rc2 e5 28. Ng1 f5 29. Nf3 Rd7 30. a4 a6 31. b3 Kf6 32. b4 e4 33. Nd4 Bh6+
34. Ke2 g5 35. Nb3 Bf8 36. Nd4 f4 37. Rb2 Ke5 38. Rc2 Bxb4 39. cxb4 Rxd4 40.
Rc5+ Kf6 41. b5 Rxa4 42. bxa6 bxa6 0-1

[Event "DEN-chT 0607"]
[Site "Denmark"]
[Date "2007.03.24"]
[Round "8.1"]
[White "Matthiesen, Martin"]
[Black "Hillarp Persson, Tiger"]
[Result "0-1"]
[WhiteElo "2342"]
[BlackElo "2550"]
[PlyCount "100"]
[EventDate "2006.11.04"]
[EventType "team"]
[EventRounds "9"]
[EventCountry "DEN"]
[Source "ChessBase"]
[SourceDate "2007.02.01"]
[WhiteTeam "SK 1968"]
[BlackTeam "Bronshoj"]
[WhiteTeamCountry "DEN"]
[BlackTeamCountry "DEN"]

1. d4 d5 2. c4 c6 3. Nf3 Nf6 4. e3 Bg4 5. h3 Bxf3 6. Qxf3 e6 7. Bd3 c5 8. dxc5
Bxc5 9. O-O Nc6 10. cxd5 exd5 11. Rd1 O-O 12. Nc3 Ne5 13. Qe2 Qe7 14. Bc2 Rad8
15. Bb3 Ng6 16. Nb5 d4 17. Qe1 Rfe8 18. Bd2 d3 19. Bc3 Ne4 20. Nd4 Bxd4 21.
Bxd4 Nf4 22. exf4 Rxd4 23. f3 Nc5 24. Qxe7 Rxe7 25. Rac1 b6 26. Kf1 Kf8 27. Rc4
Rd6 28. Rd2 a5 29. Bd1 f5 30. a3 Ra7 31. b4 axb4 32. axb4 Ne6 33. g3 Ra3 34.
Kf2 Ke7 35. Ke3 Kf6 36. h4 h5 37. Rc1 Nd4 38. Rc4 Nb5 39. Kf2 Ke7 40. Ke3 Re6+
41. Kf2 Rd6 42. Ke3 g6 43. Kf2 Kd7 44. Ke3 Nc3 45. b5 Nb1 46. Rb2 d2+ 47. Rb3
Rxb3+ 48. Bxb3 d1=Q 49. Bxd1 Rxd1 50. Rc6 Rd6 0-1

[Event "DEN-chT 0607"]
[Site "Denmark"]
[Date "2007.03.24"]
[Round "8.2"]
[White "Hoi, Carsten"]
[Black "Matthiesen, Arne"]
[Result "1-0"]
[WhiteElo "2425"]
[BlackElo "2338"]
[PlyCount "103"]
[EventDate "2006.11.04"]
[EventType "team"]
[EventRounds "9"]
[EventCountry "DEN"]
[Source "ChessBase"]
[SourceDate "2007.02.01"]
[WhiteTeam "Bronshoj"]
[BlackTeam "SK 1968"]
[WhiteTeamCountry "DEN"]
[BlackTeamCountry "DEN"]

1. d4 d5 2. Nf3 Nf6 3. c4 dxc4 4. e3 e6 5. Bxc4 c5 6. O-O a6 7. Nc3 b5 8. Bb3
Bb7 9. Qe2 Nbd7 10. Rd1 Bd6 11. d5 exd5 12. Bxd5 Nxd5 13. Nxd5 Nb6 14. e4 O-O
15. Bg5 f6 16. Be3 Nxd5 17. exd5 Qd7 18. Qc2 Rac8 19. a4 Rfd8 20. axb5 axb5 21.
Nh4 g6 22. h3 Kg7 23. Qc1 g5 24. Nf3 Qf5 25. Ra7 Rc7 26. Rxb7 Rxb7 27. b4 Be7
28. bxc5 Rxd5 29. Nd4 Qc8 30. c6 Rc7 31. g4 Rxd4 32. Bxd4 Rxc6 33. Qxg5+ Kf7
34. Qxb5 Qe6 35. Be3 Qe4 36. Qd5+ Re6 37. Qxe4 Rxe4 38. Rd5 Kg6 39. Kg2 Bf8 40.
Kf3 Re6 41. Rb5 Be7 42. h4 Ra6 43. Rb7 Kf7 44. Bc5 Re6 45. Kf4 Ke8 46. Rxe7+
Rxe7 47. Bxe7 Kxe7 48. Kf5 Kf7 49. g5 fxg5 50. hxg5 Kg7 51. Ke6 Kg6 52. f4 1-0